Twenty years of Pacific linguistics : an index of contributions to Pacific linguistic studies, 1961-1981 /

Bibliographic Details
Main Author: Carrington, Lois
Other Authors: Curnow, Miriam
Format: Book
Language:English
Published: Canberra, A.C.T., Australia : Dept. of Linguistics, Research School of Pacific Studies, Australian National University, 1981.
Series:Pacific linguistics. no. 40.
Subjects:

MARC

Tag First Indicator Second Indicator Subfields
LEADER 00000cam a2200000 a 4500
001 in00000423313
005 20151012054142.0
008 830131s1981 at i f00110 eng
010 |a  82205932  
020 |a 0858832496 (pbk.) 
035 |a (OCoLC)08391096 
035 |9 ABU6743AM 
039 0 |a 2  |b 3  |c 3  |d 3  |e 3 
040 |a DLC  |c DLC  |d TXA  |d UtOrBLW 
043 |a p------ 
049 |a TXAM 
050 0 0 |a P11  |b .P3 Suppl. 
082 0 |a 016.41/05  |2 19 
100 1 |a Carrington, Lois. 
245 1 0 |a Twenty years of Pacific linguistics :  |b an index of contributions to Pacific linguistic studies, 1961-1981 /  |c by Lois Carrington, Miriam Curnow. 
264 1 |a Canberra, A.C.T., Australia :  |b Dept. of Linguistics, Research School of Pacific Studies, Australian National University,  |c 1981. 
300 |a vi, 161 pages ;  |c 25 cm. 
336 |a text  |b txt  |2 rdacontent 
337 |a unmediated  |b n  |2 rdamedia 
338 |a volume  |b nc  |2 rdacarrier 
490 1 |a Pacific linguistics. Series D ;  |v no. 40 
500 |a Includes indexes. 
630 0 0 |a Pacific linguistics  |x Indexes. 
651 0 |a Pacific Area  |x Languages  |x Periodicals  |x Indexes. 
700 1 |a Curnow, Miriam. 
830 0 |a Pacific linguistics.  |n Series D ;  |v no. 40. 
999 |a MARS 
999 f f |s 22d50f1b-cd38-3bdc-b8c7-0256adffac40  |i 797d47b9-0c5c-3106-a681-5b34523cb01e  |t 0 
952 f f |p ric  |a Texas A&M University  |b Rellis Campus  |c Joint Library Facility  |d Remote Storage  |t 0  |e P11 .P3 Suppl.  |h Library of Congress classification  |i unmediated -- volume  |m A14809307901 
998 f f |a P11 .P3 Suppl.  |t 0  |l Remote Storage